Visualizzazione normale
Vista MARC
- Corelli Arcangelo
di Personal Name
Records bibliografici associati: 1
001 - CONTROL NUMBER
- control field: 5871
003 - CONTROL NUMBER IDENTIFIER
- control field: IT-RoPau
005 - DATE AND TIME OF LATEST TRANSACTION
- control field: 20131217222757.0
008 - FIXED-LENGTH DATA ELEMENTS
- fixed length control field: 131217|| aca||aabn | a|a d
040 ## - CATALOGING SOURCE
- Original cataloging agency: IT-RoPau
- Transcribing agency: IT-RoPau
100 ## - HEADING--PERSONAL NAME
- Personal name: Corelli Arcangelo
- Dates associated with a name: Codice autore musica SPICS: 7993
- Relator term: Autore musica
- Name of part/section of a work: Adagio (1 mov.) dalla sonata da Chiesa in sol min op V N 5
670 ## - SOURCE DATA FOUND
- Source citation: Work cat.: (IT-RoPau)103436: AA.VV. 794, Capolavori ritrovati (Lp Arion Sarn 101)